Statistieken voor Duitse regios

Klik hier om de quiz te nemen!

Algemene statistieken

  • Deze quiz is 587 keer genomen
  • De gemiddelde score is 11 of 16

Antwoorden op de kaart

Antwoorden kleurgecodeerd door een groen-rode schaal op de quizkaart volgens % correct hieronder.
Laden...
 

Antwoordstatistieken

Answer% Correct
Berlijn
96%
Beieren
84%
Hamburg
80%
Noordrijn-Westfalen
80%
Brandenburg
76%
Bremen
74%
Saarland
70%
Rijnland-Palts
63%
Mecklenburg-Voor-Pommeren
61%
Baden-Württemberg
61%
Sleeswijk-Holstein
59%
Saksen
57%
Nedersaksen
53%
Hesse
47%
Thüringen
47%
Saksen-Anhalt
41%

Scoreverdeling

Percentiel versus Aantal Correcte Antwoorden

Procent van Mensen met Elke Score

Uw Scoregeschiedenis

U heeft deze quiz nog niet genomen